Statistiche per Riconosci la Squadra di calcio - Quiz n°32

Clicka qui per fare il quiz!

Statistiche generali

  • Questo quiz è stato fatto 6 volte
  • Il punteggio medio è 6 su 9

Statistiche sulle risposte

IndizioRisposta% Corretto
Titoli nazionali6 Titoli di Francia
100%
Colori socialiRosso, bianco
100%
Trofei internazionali1 Coppa Latina
80%
Trofei nazionali2 Coppe di Francia
1 Coppe di Lega francese
4 Supercoppe di Francia
80%
Divisione nazionale 2023-2024Prima
80%
Capienza Stadio21 685 posti
60%
ConfederazioneUEFA
60%
Fondazione1930
40%
SquadraStade de Reims
20%

Distribuzione punteggi

Percentile per numero di risposta

Percentuale di utenti per punteggio

I tuoi punteggi nel tempo

Non hai fatto questo quiz